Представление документа в формате MARC21

ПолеНазваниеЗначение
  Тип записи a
  Библиографический уровень m
001 Контрольный номер BIBLIOCLUB\0000069157
005 Дата корректировки 20220829112126.6
006 m o d
007 Элементы данных для физической характеристики c|||||||||||||
008 Кодируемые данные s2021 rus o rus d
020 Индекс ISBN __
a ISBN 978-5-9765-1075-3
041 Код языка издания 0_
a Код языка текста rus
084 Индекс другой классификации/Индекс ББК __
a Индекс другой классификации/Индекс ББК 81.411.2-22я73
b Номер единицы LBC/PL
2 Источник индекса rubbk
100 Автор 1_
a Автор Гордеева О. И.
245 Заглавие 10
a Заглавие Сборник упражнений по синтаксису современного русского языка
b Продолж. заглавия учебно-методическое пособие
c Ответственность О. И. Гордеева, Л. Г. Гынгазова
250 Сведения об издании __
a Основные сведения об издании 3-е изд., стер.
260 Выходные данные __
a Место издания Москва
b Издательство ФЛИНТА
c Дата издания 2021
300 Физическое описание __
a Объем 128 с.
504 Библиография __
a Библиография Библиогр. в кн
653 Ключевые слова 1_
a Ключевые слова Учебник для высшей школы
700 Другие авторы _1
a Другие авторы Гынгазова Л. Г.
856 Электронный адрес документа 40
3 Область применения данных поля Университетская библиотека ONLINE
u URL https://biblioclub.ru/index.php?page=book&id=69157